Grundbegriffe der christlichen Ethik

Guardat en:
Dades bibliogràfiques
Autor principal: Wils, Jean-Pierre (Autor)
Altres autors: Mieth, Dietmar (autor)
Format: Llibre
Idioma:alemany
Publicat: Paderborn Ferdinand Schoning 1992
Edició:1a. ed
Col·lecció:UTB, 1648
Matèries:
Etiquetes: Afegir etiqueta
Sense etiquetes, Sigues el primer a etiquetar aquest registre!

MARC

LEADER 00000cam a2200000 a 4500
001 UCE8074
003 CL-VaPUC
008 150728e19920000gw |||||||||||||||||ger|d
020 |a 3506994190 
082 0 4 |a 241  |b WIL  |2 21 
100 0 |a Wils, Jean-Pierre  |e author  |9 580761 
700 |a Mieth, Dietmar  |e autor  |9 580974 
245 1 0 |a Grundbegriffe der christlichen Ethik 
250 |a 1a. ed 
300 |a 301 p 
942 |c BK 
945 |d 20150728 02:04:00  |a dcastane 
260 |a Paderborn  |b Ferdinand Schoning  |c 1992 
650 0 |a Ética religiosa   |9 311520 
650 0 |a Ética cristiana   |9 308677 
650 0 |a Moral  |9 265913 
583 |a last modification  |c 20150728 02:04:00  |k Rodrigo Vera 
490 0 |a UTB, 1648 
999 |c 360024  |d 360022 
952 |0 0  |1 0  |3 erb  |4 0  |6 241_000000000000000_WIL_1992  |7 0  |8 A  |9 469650  |a BIBTEO  |b BIBTEO  |e Casale Rolle, Carlos Ignacio, -2014  |i 5185483  |o 241 WIL 1992  |p 5185483  |r 2025-01-17  |w 2019-11-23  |y BK  |z Catalogado en:20150728  |k ICR